Normal view MARC view
  • Prakashan Kamal

Entry Personal Name

Number of records used in: 1

001 - CONTROL NUMBER

  • control field: 4175

003 - CONTROL NUMBER IDENTIFIER

  • control field: OSt

005 - DATE AND TIME OF LATEST TRANSACTION

  • control field: 20170928104443.0

008 - FIXED-LENGTH DATA ELEMENTS

  • fixed length control field: 170928|| aca||aabn | a|a d

040 ## - CATALOGING SOURCE

  • Original cataloging agency: OSt
  • Transcribing agency: OSt

100 ## - HEADING--PERSONAL NAME

  • Personal name: Prakashan Kamal

670 ## - SOURCE DATA FOUND

  • Source citation: Work cat.: (OSt): Prakashan Kamal, Mathgematics based on N. C. E. R. T Text Books

Powered by Koha